03279namaa2200529 450000100060000000300100000600500170001600800410003304000140007404100080008810000370009611000520013324501720018526000450035730000190040250500540042150500460047550500680052150500760058950500610066550500660072650501130079250500700090550500690097550500700104450500730111450500550118750500620124250500560130450500580136050500740141850501040149250500440159650501420164050500960178250500670187850500530194550500420199850500290204050501020206950502470217150502480241865000240266665000210269065000220271165000160273332740AR-RoBPED20260512180230.0260511s19391951ag|abdo| |||| 001 0 spa | aAR-RoBPED aspa1 aLevene, Ricardod1885-1959eDir.1 aAcademia Nacional de la Historia (Buenos Aires)10aHistoria de la Nación Argentina (desde lo orígenes hasta la organización definitiva en 1862) / cDirección de Ricardo levene, Academia Nacional de la Historia aBuenos Aires : bEl Ateneo, c1939-1951. a10 t. en 14 v.0 av.1: Tiempos prehistóricos y protohistóricos.0 aPrimera parte : El hombre prehistórico.0 aSegunda parte: Los aborígenes prehispánicos e históricos.0 av.2: Europa y España y el momento histórico de los descubrimientos.0 aPrimera parte: Europa y España en los siglos XV y XVI.0 aSegunda parte: El momento histórico de los descubrimientos.0 av.3: Colonización y organización de Hispano-América. Adelantados y gobernadores del Río de la Plata.0 aPrimera parte: Organización institucional en Hispano-América.0 aSegunda parte: Adelantados y gobernadores del Río de la Plata.0 av.4: El momento histórico del Virreinato del Río de La Plata.0 aPrimera sección: primera parte: Historia política y económica.0 aPrimera sección: segunda parte: Historia social.0 aSegunda sección: primera parte: Historia de la cultura.0 aSegunda sección: segunda parte: Historia militar.0 aSegunda sección: tercera parte: Historia religiosa.0 av.5: La Revolución de Mayo hasta la Asamblea General Constituyente.0 aPrimera parte: Proceso de la Revolución Americana, particularmente Hispano-Americana y Argentina.0 aSegunda parte: La Revolución de Mayo.0 av.6: La Independencia y la Organización política (desde la Asamblea General Constituyente hasta el primer gobierno de Rosas en 1829).0 aPrimera parte: La Asamblea General Constituyente, El Congreso de Tucumán y el Directorio.0 aSegunda parte: La anarquía de 1820 y el régimen de unidad.0 aTercera parte: El Congreso Nacional (1824-1827).0 aCuarta parte: Historia institucional.0 av.7: Rosas y su época.0 av.8: La Confederación y Buenos Aires hasta la organización definitiva de la Nación en 1862.0 av.9: Historia de las Provincias: formación de las provincias y territorios nacionales, y su historia geográfica, económica, institucional y cultural desde la Revolución de Mayo hasta la organización definitiva de la Nación (1862).0 av.10: Historia de las Provincias: formación de las provincias y territorios nacionales, y su historia geográfica, económica, institucional y cultural desde la Revolución de Mayo hasta la organización definitiva de la Nación (1862). 4aHISTORIA ARGENTINA  4aCULTURA INDIGENA 4aPUEBLOS INDIGENAS 4aPREHISTORIA